|
|
|
|
| LEADER |
00000cam a2200000 7i4500 |
| 001 |
0000000766 |
| 005 |
20151222.0 |
| 008 |
070703 |
| 020 |
|
|
|a 9830212211(set)
|
| 020 |
|
|
|a 9830212289
|
| 090 |
0 |
0 |
|a JF
|b MAL (375)
|
| 100 |
0 |
|
|a S. Shahril
|
| 245 |
1 |
0 |
|a Jujur dalam bertanding
|c S. Shahril
|
| 260 |
|
|
|a Selangor :
|b Pustaka Angsana ,
|c 2003
|
| 440 |
|
0 |
|a Siri bacaan bunga budi
|
| 500 |
|
|
|a Children ages 7-9 years old (orange)
|
| 650 |
|
0 |
|a Malay fiction
|
| 999 |
|
|
|a 0000007737
|b Book
|c Children Collection
|e Cawangan Taman Universiti
|
| 999 |
|
|
|a 0000007738
|b Book
|c Children Collection
|e Cawangan Taman Universiti
|
| 999 |
|
|
|a 0000007739
|b Book
|c Children Collection
|e Cawangan Taman Universiti
|
| 999 |
|
|
|a 0000007740
|b Book
|c Children Collection
|e Cawangan Taman Universiti
|
| 999 |
|
|
|a 0000955009
|b Book
|c Children Collection
|e Perbadanan Perpustakaan Awam Johor
|
| 999 |
|
|
|a 0000955011
|b Book
|c Children Collection
|e Cawangan Pontian
|
| 999 |
|
|
|a 0000955013
|b Book
|c Children Collection
|e Perbadanan Perpustakaan Awam Johor
|
| 999 |
|
|
|a 0001053377
|b Book
|c Children Collection
|e Cawangan Segamat
|
| 999 |
|
|
|a 0001053378
|b Book
|c Children Collection
|e Cawangan Mersing
|